| 000 | 00504cam a2200169ua 4500 | ||
|---|---|---|---|
| 041 |
_amal _h |
||
| 082 |
_a894.812308 _bPAR/SA |
||
| 100 | _aParameswaran pillai, Erumely . | ||
| 245 |
_aSahithya Nayakanmar, part 1 / _cParameswaran pillai. _hTextual Documents |
||
| 260 |
_aKottayam : _bThe vidhyarthimithram press& Book depot , _c1966. |
||
| 300 | _a300 ; . | ||
| 440 | 0 |
_aVidhyarthimithram, _vNo:760 _x; |
|
| 490 | 0 |
_aVidhyarthimithram, _vNo:760 _x; |
|
| 504 | _a | ||
| 942 | _cBK | ||
| 999 |
_c729 _d729 |
||